000
00323nam a2200145Ia 4500
008
230917s9999||||xx |||||||||||||| ||und||
040
_e
185740
_a
MAIN
041
_a
English
082
_a
843.4 V889V
100
_a
Fulter, Edmuind
245
0
_a
Voltaire
260
_a
[n.p.]
_b
Dell
_c
1959
300
_a
383 p.
942
_c
BK
999
_c
85099
_d
85099